Score 0/20 Timer 06:00
0 Plays Today
% Correct
Parks and Recreation
82%
Grey's Anatomy
81%
Veep
75.8%
Downton Abbey
71.2%
Curb Your Enthusiasm
68.6%
Better Call Saul
66.2%
The West Wing
65.4%
Modern Family
64.7%
Girls
61.4%
Boy Meets World
59.8%
% Correct
The Sopranos
55.8%
Mr. Robot
47.7%
Westworld
46.9%
Chuck
46.6%
Jessica Jones
43.7%
Deadwood
39.2%
Stranger Things
35.4%
Peaky Blinders
34%
Scream Queens
32.1%
Black Sails
26.3%
Remove Ads.
Support Sporcle.
Get the best of Sporcle when you Go Orange. This ad-free experience offers more features, more stats, and more fun while also helping to support Sporcle. Thank you for becoming a member.

You're not logged in!

Compare scores with friends on all Sporcle quizzes.
OR
Log In

Show Comments

Extras

Top Quizzes Today


Score Distribution

Your Account Isn't Verified!

In order to create a playlist on Sporcle, you need to verify the email address you used during registration. Go to your Sporcle Settings to finish the process.

Report this User

Report this user for behavior that violates our Community Guidelines.

Details: